000 00563nam a22002417a 4500
003 UA-OsUOA
001 85281
007 ta
008 20120622b un ||||| |||| 00| 0 ukr d
100 _aKlabunde A.
090 _a821.111
942 _cBK
040 _aUA-OsUOA
_beng
_cUA-OsUOA
_dUA-OsUOA
245 _aMagda Goebbels
300 _a367 с.
955 _a3
041 _aeng
080 _a821.111
020 _a978-0-7515-3448-1
260 _c2007
650 7 _a82 Література. Літературознавство
_2UDC
999 _c371492
_d371492